MDQL
is popping MORE tags! Check the
thread
!
Quizzes
Events
Quiz Creation
Community
Videos
Private Events
Remove Ads
Sign In
Join for FREE
Feedback
Dark Mode
Quiz Categories
Sports
Geography
Music
Movies
Television
Just For Fun
Miscellaneous
History
Literature
Language
Science
Gaming
Entertainment
Religion
Holiday
For Kids
Quiz Lab
Recent
Popular Today
Quiz Kudos Today
Editor Picks
Curator Picks
Quizzes by...
Day
Popularity
Type
Ratings
Length
Year
Community
Subscriptions
Recent Discussions
Orange Saloon
Badges
Playlists
Quests
Create
Leaderboards
Showdown
Live 5
Trivia Bingo
Activity
Puzzle Library
Sporcle Events
Private Events
Virtual Trivia
Globe League
Become a Host
Pub Owners
SporcleCon
Opinionation
Our Games
Videos
Blog
Mobile Apps
Partnerships
Remove Ads and Go Orange
Feedback
Sports
Athletes
MLB
NBA
NHL
NFL
Soccer
Sports Teams
WWE
NCAA
Football
Premier League
Basketball
Baseball
Hockey
Golf
Tennis
Cricket
Rugby
Auto Racing
Olympics
World Cup
Sports
Athletes
MLB
NBA
NHL
NFL
Soccer
Sports Teams
WWE
NCAA
Football
Premier League
Basketball
Baseball
Hockey
Golf
Tennis
Cricket
Rugby
Auto Racing
Olympics
World Cup
Random Quiz
Search Sporcle
×
Quiz Lab
Quiz Lab
Sports
Tennis
Type in answers that appear in a list
Type in answers that appear in a list
Classic
Best Score? Go Orange.
WTA Grand Slam Match Winners 2014 Stats
Can you name the women's players who won at least one match in Grand Slam in 2014?
By
Janek96
10m
124 Questions
198 Plays
198 Plays
198 Plays
Comments
Comments
Give Quiz Kudos
Give Quiz Kudos
-
- Ratings
hide this ad
More Info
Replay
Link that replays current quiz
Next Quiz
Link to next quiz in quiz playlist
You Got
0%
They Got
Avg Score
66%
Avg Friend Score
Upgrade to see
Score Distribution
Jump to the score distribution portion of the page
Score
0/124
Timer
10:00
0
Plays Today
W
Player
% Correct
13
Serena Williams
99%
5
Venus Williams
98%
17
Simona Halep
93.9%
16
Maria Sharapova
93.9%
9
Li Na
93.9%
12
Angelique Kerber
92.4%
11
Petra Kvitová
92.4%
9
Ana Ivanović
92.4%
10
Dominika Cibulková
90.9%
9
Victoria Azarenka
90.9%
9
Jelena Janković
90.9%
10
Flavia Pennetta
89.4%
8
Sara Errani
88.9%
7
Garbiñe Muguruza
88.9%
13
Lucie Šafářová
87.9%
11
Agnieszka Radwańska
87.9%
11
Caroline Wozniacki
87.4%
19
Eugenie Bouchard
86.9%
9
Carla Suárez Navarro
86.9%
6
Samantha Stosur
86.9%
8
Alizé Cornet
85.9%
9
Andrea Petkovic
85.4%
2
Roberta Vinci
85.4%
5
Karolína Plíšková
84.3%
4
Madison Keys
84.3%
14
Ekaterina Makarova
83.3%
4
Svetlana Kuznetsova
83.3%
8
Peng Shuai
82.8%
7
Sloane Stephens
82.8%
2
Caroline Garcia
82.8%
8
Sabine Lisicki
82.3%
7
Belinda Bencic
80.8%
2
Kristina Mladenovic
80.3%
7
Barbora Záhlavová-Strýcová
78.3%
3
Camila Giorgi
78.3%
2
Heather Watson
78.3%
3
Elina Svitolina
76.8%
2
Julia Görges
76.8%
4
Monica Niculescu
75.8%
2
Irina-Camelia Begu
75.8%
4
Kirsten Flipkens
75.3%
4
Anastasia Pavlyuchenkova
75.3%
W
Player
% Correct
3
Zheng Jie
75.3%
3
Timea Bacsinszky
74.7%
4
Kaia Kanepi
74.2%
4
Elena Vesnina
74.2%
3
Coco Vandeweghe
74.2%
5
Daniela Hantuchová
73.7%
4
Yaroslava Shvedova
73.7%
3
Sorana Cîrstea
73.7%
1
Zheng Saisai
73.7%
5
Kurumi Nara
73.2%
3
Yanina Wickmayer
72.7%
3
Kiki Bertens
71.7%
8
Casey Dellacqua
71.2%
1
Misaki Doi
71.2%
4
Johanna Larsson
70.7%
7
Zarina Diyas
70.2%
2
Christina McHale
70.2%
3
Mirjana Lučić-Baroni
69.2%
3
Tsvetana Pironkova
69.2%
1
Shahar Peer
69.2%
6
Mona Barthel
66.2%
3
Marina Erakovic
66.2%
2
Ana Konjuh
66.2%
1
Donna Vekić
66.2%
5
Varvara Lepchenko
65.2%
5
Alison Riske
64.6%
4
Lauren Davis
64.6%
3
Aleksandra Krunić
64.6%
3
Pauline Parmentier
64.6%
2
Magdaléna Rybáriková
64.6%
1
Annika Beck
64.6%
2
Monica Puig
63.6%
1
Mandy Minella
63.6%
3
Polona Hercog
62.1%
2
Vera Zvonareva
61.6%
1
Tamira Paszek
61.6%
3
Bojana Jovanovski
59.1%
1
Madison Brengle
59.1%
2
Michelle Larcher de Brito
58.6%
1
Karin Knapp
58.6%
1
Wang Qiang
58.6%
1
Naomi Broady
57.6%
W
Player
% Correct
1
Alison van Uytvack
57.6%
2
Julia Glushko
56.1%
1
Olga Govortsova
56.1%
1
Lesia Tsurenko
56.1%
4
Ajla Tomljanović
55.6%
1
Lucie Hradecká
55.1%
1
Shelby Rogers
55.1%
3
Anna Karolína Schmiedlová
54.5%
1
Teliana Pereira
54%
1
Jana Čepelová
53%
1
Luksika Kumkhum
53%
1
Aliaksandra Sasnovich
52%
1
Alexandra Dulgheru
51%
3
Sílvia Soler Espinosa
50.5%
1
Jarmila Gajdošová
49.5%
1
Maria Kirilenko
49.5%
1
Virginie Razzano
49%
2
Stefanie Vögele
48%
1
Klára Koukalová
48%
4
Yvonne Meusburger
47.5%
3
Tereza Smitková
47.5%
2
Taylor Townsend
47%
2
Paula Ormaechea
46.5%
1
Vania King
46%
2
Nicole Gibbs
43.4%
1
Catherine Bellis
43.4%
1
Anastasia Rodionova
43.4%
1
Irina Falconi
42.9%
2
Petra Cetkovská
41.4%
2
María-Teresa Torró-Flor
41.4%
1
Chanelle Scheepers
40.4%
1
Ayumi Morita
39.9%
1
Lourdes Domínguez Lino
38.9%
1
Galina Voskoboeva
38.4%
1
Olivia Rogowska
37.9%
1
Vesna Dolonc
35.4%
2
Alla Kudryavtseva
33.3%
1
Dinah Pfizenmaier
31.3%
1
Claire Feuerstein
29.3%
1
Victoria Duval
27.8%
Quiz Playlist
Details
Report
Send in Message
Add To Playlist
More Info:
Walkovers are not included. Only included matches in the main draw.
Classic:
Type in answers that appear in a list
Last Updated: Jul 7, 2019
Quiz Scoreboard
CHALLENGE
Sign Up to Join the Scoreboard
Show All
Scores
Hide
Comments
May contain spoilers
Recently Published
1-10 Letter E Words III
by El_Dandy
Language
2m
Street Fighter Characters
by Artimus82
Gaming
60s
College Basketball Coaching Resumes
by pancakes188
Sports
9m
More to Explore
Quiz From the Vault
Featured Blog Post
Where Did the Easter Bunny Come From?
hide this ad
You Might Also Like...
Tags
Tennis Quiz
2014
Grand Slam
Women's Tennis
WTA
WTA Players
WTA Singles
WTA Tour
WTA Tournament
Today's Top Quizzes in Sports
Browse Sports
hide this ad
Today's Top Quizzes in Tennis
Browse Tennis
Top Contributed Quizzes in Sports
1
2022 World Cup Stars
2
Les meilleurs buteurs des matchs entre le PSG et l’OM
3
FIFA Club World Cup Champions
4
Les entraîneurs de l'OM et du PSG au 21e siècle
5
Criteria MLB: Left Handed Sluggers
6
2023 MLB Unique Player Accomplishments
7
AFC Teams Reveal (Wrong Answers Minefield)
8
Players with Multiple 50 Home Run Seasons
9
5-to-1: FBS Animal Nicknames
10
5-to-1: UK Sports Teams
Explore More
Trending Topics
Marvel
Crossword
Harry Potter
Anime
NBA
Disney
Kpop
NFL
Country
Puzzle
The Office
Pokémon
Song
WWE
Soccer
hide this ad
More By:
Janek96
Quiz
Plays
Rating
Category
Featured
Created
Eurovision 2003 - 2023 top 10
17,152
4.76
Music
Jun 9, 2015
Eurovision OGAE Favourites Top 5 (2007 - 2017)
1,284
4.67
Music
Jun 9, 2015
Eurovision 2016 Lyrics
1,203
4.50
Music
May 7, 2016
Top 10 WTA tennis players by country (15/06/2015)
761
5.00
Sports
Jun 20, 2015
WTA Major Tournaments Champions (2009-2020)
682
5.00
Sports
Nov 3, 2020
Go to Creator's Profile
Score Distribution
Quiz Creator Spotlight
Janek96
Follow
Send a Message
Quizzes Created
-
Created Quiz Play Count
-
More By This Creator
Popular Quizzes Today
1
Find the US States - No Outlines Minefield
2
Find the Countries of Europe - No Outlines Minefield
3
The Countries of the World
4
Find the US States
5
Risky Map Clicking: Biggest States A-Z
6
US States
7
Popular People in 1961
8
Movies - When Are They Set?
More Sports Quizzes
Formula One Season Overview: 2007
Quiz Lab
Trending Quizzes
Risky Map Clicking: Least Populous States A-Z
1-10 Letter G Words
1-10 Letter F Words
Countries of the World: 200 Million BC
Risky Map Clicking: Next State Alphabetically
Recently Updated
Beyoncé Albums
pecheneg
Leaping Animals
pecheneg
Reality TV Shows (A-Z)
bhenderson79
Rickey Henderson's Hall of Fame Teammates
pecheneg
Champions League XIs: Arsenal
pecheneg
Quick Pick: Celebrities in WWE's Hall of Fame
aduchscher
A-Z Keypad Blitz II
pecheneg
Multiple Oscar Actors
pecheneg
Mystery Phrase Blitz: Oscar 'Best Actors'
pecheneg
F. Scott Fitzgerald Novels
LTH
Trending Topics
Disney
Kpop
Harry Potter
Anime
NBA
Crossword
Marvel
NFL
Soccer
Country
Pokémon
WWE
Puzzle
The Office
Song
Your Account Isn't Verified!
In order to create a playlist on Sporcle, you need to verify the email address you used during registration. Go to your
Sporcle Settings
to finish the process.
Report this User
Report this user for behavior that violates our
Community Guidelines
.
Details:
Send Report
Go to the Sporcle.com Mobile Site →
Comments